Encuentros con Cristo : encuentro para 12 años : superación : microhombres y macrohombres /

Αποθηκεύτηκε σε:
Λεπτομέρειες βιβλιογραφικής εγγραφής
Κύριος συγγραφέας: Levy, Eduardo (autor)
Μορφή: Βιβλίο
Γλώσσα:Ισπανικά
Έκδοση: Guadalajara, México : edición de autor, 2000, c2000
Ετικέτες: Προσθήκη ετικέτας
Δεν υπάρχουν, Καταχωρήστε ετικέτα πρώτοι!

MARC

LEADER 00000nam^a2200000^a^4500
001 000627602
005 20260212000000.0
009 20260310134056.706
037 |a Acervo Xavier Clavigero 
041 |a ESP 
091 |a FHG. 01141 
100 |a Levy, Eduardo  |e (autor) 
240 1 1 |a [Encuentros con Cristo] 
245 1 0 |a Encuentros con Cristo :  |b encuentro para 12 años : superación : microhombres y macrohombres / 
264 4 |a Guadalajara, México :  |b edición de autor,  |c 2000, c2000 
300 |a 72 p. 
336 |a texto  |b txt  |2 rdacontenido 
337 |a sin mediación  |b n  |2 rdamedio 
338 |a volumen  |b nc  |2 rdasoporte 
649 |a XX 
910 |a Fondo Humberto García Bedoy S.J. 
920 |a Impresos - Libros 
930 |a Fondos Especiales 
905 |a 148 
901 |a 628059-10  |b IT2  |c ESP  |i D  |u 20260212 
902 |a https://opac.biblio.iteso.mx/vufind/Record/000627602